Welcome to CU Library Online Public Access Catalogue (OPAC)

God : (Record no. 6746)

MARC details
000 -LEADER
fixed length control field 00543cam a2200205 a 4500
001 - CONTROL NUMBER
control field 4433936
005 - DATE AND TIME OF LATEST TRANSACTION
control field 20250628092440.0
008 - FIXED-LENGTH DATA ELEMENTS--GENERAL INFORMATION
fixed length control field 940711s1995 nyu b 001 0 eng
020 ## - INTERNATIONAL STANDARD BOOK NUMBER
International Standard Book Number 0679418334
050 00 - LIBRARY OF CONGRESS CALL NUMBER
Classification number BS1192.6
Item number .M6 1995
082 00 - DEWEY DECIMAL CLASSIFICATION NUMBER
Classification number 231
Edition information 20
100 1# - MAIN ENTRY--PERSONAL NAME
Personal name Miles, Jack,
Dates associated with a name 1942-
245 10 - TITLE STATEMENT
Title God :
Remainder of title a biography /
Statement of responsibility, etc. Jack Miles.
250 ## - EDITION STATEMENT
Edition statement 1st ed.
260 ## - PUBLICATION, DISTRIBUTION, ETC.
Place of publication, distribution, etc. New York :
Name of publisher, distributor, etc. Alfred A. Knopf,
Date of publication, distribution, etc. 1995.
300 ## - PHYSICAL DESCRIPTION
Extent x, 446 p. ;
Dimensions 25 cm.
650 00 - SUBJECT ADDED ENTRY--TOPICAL TERM
Topical term or geographic name entry element God
General subdivision Biblical teaching.
650 00 - SUBJECT ADDED ENTRY--TOPICAL TERM
Topical term or geographic name entry element Bible as literature.
942 ## - ADDED ENTRY ELEMENTS (KOHA)
Source of classification or shelving scheme Library of Congress Classification
Koha item type Books
Suppress in OPAC No
999 ## -
-- 6746
-- 6746
Holdings
Withdrawn status Lost status Source of classification or shelving scheme Damaged status Not for loan Collection Home library Current library Shelving location Date acquired Total checkouts Full call number Barcode Date last seen Copy number Price effective from Koha item type
    Library of Congress Classification     Non-fiction Undergraduate Library (Christ Temple) Undergraduate Library (Christ Temple) General stacks 06/28/2025   BS1192.6.M6 MIL ulct00003597 06/28/2025 1 06/28/2025 Books
© 2023-2024 Copyright: Central University Libraries. All Rights Reserved | Created by: Mahone Tech Office